| 000 | 00786cab a2200265 4500 | ||
|---|---|---|---|
| 001 | ABS58242 | ||
| 008 | 090401t1998 xxu||||| |||| 00| 0 eng d | ||
| 035 | _a(Sirsi) u84437 | ||
| 041 | _aeng | ||
| 100 | _aCannon, J. | ||
| 245 | _aGrowth forecast to 1999 | ||
| 260 | _c1998 | ||
| 350 | _a0 | ||
| 490 |
_aBuilding Economist _vFebruary 1998, 6-7(2) |
||
| 520 | _aAnalyses predictions from the main construction forecasters, BMP, Construction Forecasting and Research, and Hewes & Associates. Table. | ||
| 650 | _aBMP | ||
| 650 | _aCONSTRUCTION ACTIVITY | ||
| 650 | _aCONSTRUCTION FORECASTING AND RESEARCH | ||
| 650 | _aCONSTRUCTION WORKLOAD | ||
| 650 | _aFORECASTS | ||
| 650 | _aHEWES & ASSOCIATES | ||
| 690 | _aBUILT ENVIRONMENT | ||
| 942 | _n0 | ||
| 948 | _c24/02/1998 | ||
| 999 |
_c53062 _d53062 |
||